| 000 | 01042nas a2200361 4500 | ||
|---|---|---|---|
| 001 | BR2015003239 | ||
| 003 | BR-BrBNA | ||
| 005 | 20231205125401.0 | ||
| 007 | ta | ||
| 008 | 230509b bl.|||p| |||| 00| 00por d | ||
| 040 |
_aBR-BrBNA _bpor _cBiblioteca Nacional de Agricultura |
||
| 041 | _a(Pt) | ||
| 072 | _aP35; P33 | ||
| 100 | 1 | _aSete, P.B. | |
| 100 | 1 | _aMelo, G.W.B. de | |
| 100 | 1 | _aOliveira, B.S. | |
| 100 | 1 | _aFreitas, R.f. | |
| 100 | 1 | _aMagro, R.D. | |
| 100 | 1 | _aAmbrosini, V.G. | |
| 100 | 1 | _aTrapp, T. | |
| 100 | 1 | _aComin, J.J. | |
| 100 | 1 | _aGatiboni, L.C. | |
| 100 | 1 | _aBrunetto, G. | |
| 245 | 1 | _aPerdas de nitrogênio do solo e resposta do pessegueiro à adição de composto orgânico | |
| 650 | _aPÊSSEGO | ||
| 650 | _aRESÍDUO ORGÂNICO | ||
| 650 | _aNITROGÊNIO | ||
| 650 | _aLIXIVIAÇÃO | ||
| 650 | _aFERTILIDADE DO SOLO | ||
| 773 | 0 |
_tCiência Rural (Brazil) _xISSN 0103-8478 _g(Apr 2015), v. 45(4) p. 651-657 _wBR2015003239 |
|
| 909 |
_a202311 _bLúcia _c55 _dLúcia Elande |
||
| 942 |
_2AGRIS _n0 _cANA |
||
| 999 |
_c244100 _d244100 |
||